000 01244cad a22002055a 4500
001 L144050
008 090613s2008 xxko f 000 0 eng d
035 _a(Sirsi) u144050
041 0 _aeng
050 0 4 _a306 $2 18
110 2 _aBritish Property Federation
_91604
245 0 4 _aThe future of renting
_ba response to the CLG review of the private rented sector
_h[electronic resource]
260 _aLondon
_bBPF
_c2008
520 _aWritten as a response to Government's Rugg Review of the rented sector, the report calls for a radical restructuring of the housing market by ensuring renewed investment to allow for new stock to be developed. The BPF wants the government to stimulate investment by: widening the definition of affordable housing to allow developers to build market rentals; giving special planning treatment for rental-only developments; cutting stamp duty rules that unduly penalise larger investors; changing the REITs (Real Estate Investment Trust) structure to open it up to housing, as originally intended.
590 _aKA NTK
650 2 4 _aAffordable housing
_96215
651 4 _aUnited Kingdom
_y
690 _aPROPERTY-RESIDENTIAL PROPERTY-RESIDENTIAL PROPERTY TENURE-LEASEHOLD RESIDENTIAL PROPERTY
942 _n0
999 _c108364
_d108364